| 000 | 01171 a2200289 4500 | ||
|---|---|---|---|
| 003 | Nust | ||
| 005 | 20170207154049.0 | ||
| 010 | _a 2009021544 | ||
| 020 | _a0470404817 (cloth) | ||
| 020 | _a9780470404812 (cloth) | ||
| 035 | _a(OCoLC)ocn317456246 | ||
| 040 | _cNust | ||
| 082 | 0 | 0 | _a302.3/4 |
| 082 | 0 | 0 | _a658.402 |
| 100 | 1 | _aBellman, Geoffrey M., | |
| 245 | 1 | 0 |
_aExtraordinary groups (E-Book) _bhow ordinary teams achieve amazing results / _cGeoffrey M. Bellman, Kathleen D. Ryan. |
| 250 | _a1st ed. | ||
| 260 |
_aSan Francisco, CA : _bJossey-Bass, _cc2009. |
||
| 300 |
_axiv, 229 p. : _bill. ; _c24 cm. |
||
| 505 | 0 | _aWhy small groups are especially important now -- What's different about extraordinary groups -- What ordinary groups need -- Growing toward your potential -- Joining for purpose -- Creating change together -- The heart of transformation -- Embracing group differences -- Leading extraordinary groups -- Living the promise of extraordinary groups. | |
| 650 | 0 | _aOrganizational change. | |
| 650 | 0 | _aSmall groups. | |
| 650 | 0 | _aSocial group work. | |
| 650 | 0 | _aTeams in the workplace. | |
| 651 | _aE-Book | ||
| 700 | 1 |
_aRyan, Kathleen, _d1947- |
|
| 942 |
_2ddc _cBK |
||
| 999 |
_c193016 _d193016 |
||